1996 IEEE AFRICON, 4th AFRICON Conference in Africa, 25-27 September 1996, tutorials on 24 September 1996 : (Record no. 164084)

MARC details
000 -LEADER
fixed length control field 01527cam a2200313 a 4500
008 - FIXED-LENGTH DATA ELEMENTS--GENERAL INFORMATION
fixed length control field
020 ## - INTERNATIONAL STANDARD BOOK NUMBER
International Standard Book Number 0780330196 (pbk.)
049 ## - LOCAL HOLDINGS (OCLC)
Holding library MAIN
090 ## - LOCALLY ASSIGNED LC-TYPE CALL NUMBER (OCLC); LOCAL CALL NUMBER (RLIN)
Classification number (OCLC) (R) ; Classification number, CALL (RLIN) (NR) TK5
Local cutter number (OCLC) ; Book number/undivided call number, CALL (RLIN) INS
003 - CONTROL NUMBER IDENTIFIER
control field
005 - DATE AND TIME OF LATEST TRANSACTION
control field 20230123134331.0
040 ## - CATALOGING SOURCE
Transcribing agency NUST
111 2# - MAIN ENTRY--MEETING NAME
Meeting name or jurisdiction name as entry element African Electrical Technology Conference
Number of part/section/meeting (4th :
Date of meeting or treaty signing 1996 :
Location of meeting University of Stellenbosch)
245 10 - TITLE STATEMENT
Title 1996 IEEE AFRICON, 4th AFRICON Conference in Africa, 25-27 September 1996, tutorials on 24 September 1996 :
Remainder of title electrical energy technology, communication systems, human resources /
Statement of responsibility, etc. hosted by University of Stellenbosch, South Africa.
260 ## - PUBLICATION, DISTRIBUTION, ETC.
Place of publication, distribution, etc. [New York] :
Name of publisher, distributor, etc. Institute of Electrical and Electronics Engineers,
Date of publication, distribution, etc. c1996.
300 ## - PHYSICAL DESCRIPTION
Extent 2 v. (xiii [i.e. xxviii], 1146 p) :
Other physical details ill. ;
Dimensions 30 cm.
500 ## - GENERAL NOTE
General note "AFRICON '96 incorporating AP-MTT-96 and COMSIG-96."
500 ## - GENERAL NOTE
General note "IEEE catalog no. 96CH35866"--T.p. verso.
504 ## - BIBLIOGRAPHY, ETC. NOTE
Bibliography, etc. note Includes bibliographical references and index.
650 #0 - SUBJECT ADDED ENTRY--TOPICAL TERM
Topical term or geographic name entry element Telecommunication systems
General subdivision Congresses.
650 #0 - SUBJECT ADDED ENTRY--TOPICAL TERM
Topical term or geographic name entry element Signal processing
General subdivision Congresses.
650 #0 - SUBJECT ADDED ENTRY--TOPICAL TERM
Topical term or geographic name entry element Image processing
General subdivision Congresses.
710 2# - ADDED ENTRY--CORPORATE NAME
Corporate name or jurisdiction name as entry element Institute of Electrical and Electronics Engineers.
Subordinate unit South African Section.
710 2# - ADDED ENTRY--CORPORATE NAME
Corporate name or jurisdiction name as entry element Institute of Electrical and Electronics Engineers.
711 2# - ADDED ENTRY--MEETING NAME
Meeting name or jurisdiction name as entry element AP-MTT '96
Date of meeting or treaty signing (1996 :
Location of meeting University of Stellenbosch)
711 2# - ADDED ENTRY--MEETING NAME
Meeting name or jurisdiction name as entry element IEEE South African Symposium on Communications and Signal Processing
Date of meeting or treaty signing (1996 :
Location of meeting University of Stellenbosch)
907 ## - LOCAL DATA ELEMENT G, LDG (RLIN)
a .b10007878
b 12-02-13
c 17-04-03
942 ## - ADDED ENTRY ELEMENTS (KOHA)
Koha item type Ordinary Loan Books
Call number prefix TK5
Call number suffix INS
Holdings
Date last seen Total Checkouts Full call number Barcode Cost, replacement price Price effective from Koha item type Lost status Source of classification or shelving scheme Damaged status Not for loan Collection Withdrawn status Home library Current library Shelving location Date acquired Cost, normal purchase price
01/23/2023   TK5 AFR 92003018526 80.00 01/23/2023 BOOKS   LCC     NFIC   MAIN MAIN GEN 01/23/2023 80.00